000 00577nam a2200169 i 4500
001 63032
003 ES-MaACL
007 t|
008 031127s1954 sp ||||1| spa d
100 1 _aFernández Pleyan, J.
_950004
245 1 0 _aDiagnóstico radiológico de las enfermedades del aparato digestivo /
_cJ. Fernández Pleyan ; prólogo de C. González Montalvo.
260 _aMadrid :
_bPaz Montalvo,
_c1954.
300 _a336 p. :
_bil. ;
_c25 cm.
700 1 _aMoreno González-Bueno, C.
_983382
852 _aES-MaACL
_jC-8622
_bR.36809
999 _c63032
_d63032